000 00786nab a22002417a 4500
001 08343
003 HDC
007 cr bn ---aaaaa
008 210128c20141111my ||||| |||| 00| 0 en d
040 _aHDC
100 _aZuraimi Abdullah,
_eauthor
_98839
245 0 _aLandmark renminbi clearing bank /
_cZuraimi Abdullah
336 _atext
_2rdacontent
337 _acomputer
_2rdamedia
338 _aonline resource
_2rdacarrier
650 _aBanks and banking
_92598
650 _aEconomics
_zMalaysia-China
_98840
710 _aNew Straits Times
856 _zRequest full-text at [email protected]
942 _2lcc
942 _cNEWS
942 _kNWSC 002125
999 _c5666
_d5666